Español 5000 #11 - Verbos (Dificultad Media) - Statistics

General Stats
  • This quiz has been taken 14 times
  • The average score is 24 of 149
Answer Stats
Definición Palabra % Correct
Dar las gracias agradecer
86%
Comer en la mañana desayunar
71%
Terminar algo acabar
57%
Incluir algo adicional añadir
57%
Reponerse o relajarse descansar
57%
Derramar lágrimas por emoción llorar
57%
Caer agua del cielo llover
57%
Repetir para mejorar una habilidad practicar
57%
Aumentar la velocidad acelerar
43%
Dejar de hablar callar
43%
Reducir la intensidad de algo calmar
43%
Comer en la noche cenar
43%
Seguir haciendo algo continuar
43%
Eliminar errores corregir
43%
Tomar una elección decidir
43%
Separar en partes dividir
43%
Caer en mala salud enfermar
43%
Conseguir una meta u objetivo lograr
43%
Pelear o esforzarse por algo luchar
43%
Causar incomodidad o fastidio molestar
43%
Atrapar peces pescar
43%
Pasar de un idioma a otro traducir
43%
Ir de un lugar alto a uno más bajo bajar
29%
Causar fatiga o agotamiento cansar
29%
Examinar similitudes y diferencias comparar
29%
Dividir algo con otros compartir
29%
Explicar cómo es algo describir
29%
Encontrar algo desconocido descubrir
29%
Salir del sueño o hacer que otro lo haga despertar
29%
Romper completamente algo destruir
29%
Seleccionar entre opciones elegir
29%
Tener presencia o ser real existir
29%
Crear una imagen mental o idea imaginar
29%
Conservar en buen estado mantener
29%
Aplicar color con brocha o pincel pintar
29%
Pensar y decidir acciones futuras planear
29%
Mostrar o introducir algo o alguien presentar
29%
Defender de daño proteger
29%
Volver al lugar de origen regresar
29%
Emitir una opinión en una elección votar
29%
Sentir respeto o asombro por algo admirar
14%
Causar gusto o placer agradar
14%
Añadir algo más agregar
14%
Reunir cosas en grupos agrupar
14%
Hacerse visible aparecer
14%
Lavar el cuerpo en agua bañar
14%
Elevar la temperatura de algo calentar
14%
Provocar un efecto causar
14%
Buscar y atrapar animales cazar
14%
Tener una fiesta o acto especial celebrar
14%
Supervisar o dirigir algo controlar
14%
Pasar de un lado al otro cruzar
14%
Indicar la fecha de algo datar
14%
Mostrar o probar algo con claridad demostrar
14%
Quitar lo hecho o revertir algo deshacer
14%
Representar con líneas o formas dibujar
14%
Guiar, controlar o supervisar dirigir
14%
Perdonar una falta disculpar
14%
Dar algo voluntariamente donar
14%
Provocar ira o molestia enojar
14%
Preparar física o mentalmente entrenar
14%
Elegir entre varias opciones escoger
14%
Analizar o revisar con atención examinar
14%
No estar presente o no tener algo faltar
14%
Dar buenos deseos por un logro felicitar
14%
Celebrar con alegría festejar
14%
Operar correctamente funcionar
14%
Mostrar el camino o ayudar a alguien guiar
14%
Reconocer algo o alguien identificar
14%
Transferir texto o imágenes al papel imprimir
14%
Señalar o mostrar algo indicar
14%
Comenzar una acción o proceso iniciar
14%
Solicitar la presencia de alguien invitar
14%
Poner una señal o alcanzar un punto marcar
14%
Avanzar en fila o irse de un lugar marchar
14%
Humedecer con líquido mojar
14%
Sentir aversión intensa odiar
14%
Poner en orden o planificar algo organizar
14%
Separar o salir de un lugar partir
14%
Dejar de sentir rencor por una ofensa perdonar
14%
Autorizar que algo ocurra permitir
14%
Poner el pie sobre algo pisar
14%
Decir lo que ocurrirá en el futuro predecir
14%
Elegir algo sobre otra cosa preferir
14%
Causar una reacción provocar
14%
Disminuir tensión o estrés relajar
14%
Arreglar algo roto reparar
14%
Hacer de nuevo repetir
14%
Solucionar un problema resolver
14%
Ser consecuencia de algo resultar
14%
Expresar un saludo saludar
14%
Librar del peligro salvar
14%
Eliminar la humedad secar
14%
Escoger entre varias opciones seleccionar
14%
Pasar algo de un lugar a otro transferir
14%
Reconocer o aceptar algo admitir
0%
Cambiar o modificar algo alterar
0%
Cambiar entre dos cosas alternar
0%
Dar a conocer públicamente anunciar
0%
Poner en práctica algo aplicar
0%
Valorar algo positivamente apreciar
0%
Indicar o tomar nota de algo apuntar
0%
Expresar claramente con palabras articular
0%
Garantizar o proteger algo asegurar
0%
Lanzarse contra algo o alguien atacar
0%
Ir hacia adelante avanzar
0%
Limpiar el suelo con escoba barrer
0%
Unir o relacionar cosas conectar
0%
Ponerse en comunicación con alguien contactar
0%
Poner algo encima de otra cosa cubrir
0%
Entregar tiempo o esfuerzo a algo dedicar
0%
Proteger de daño o ataque defender
0%
Decidir con firmeza o establecer claramente determinar
0%
Regresar algo a su lugar o dueño devolver
0%
Ser distinto o posponer algo diferir
0%
Repartir algo entre varios distribuir
0%
Hacer pasar un buen rato divertir
0%
Practicar una profesión o aplicar una acción ejercer
0%
Hacer que alguien sienta amor enamorar
0%
Hallar algo que se busca encontrar
0%
Dirigir la atención o la vista hacia algo enfocar
0%
Cubrir algo completamente envolver
0%
Fundar o fijar algo establecer
0%
Calcular o valorar algo estimar
0%
Eludir o no permitir que ocurra algo evitar
0%
Aumentar en tamaño o alcance expandir
0%
Recorrer o investigar un lugar o idea explorar
0%
Comunicar pensamientos o sentimientos expresar
0%
Tener valor o relevancia importar
0%
Causar una fuerte reacción de admiración impresionar
0%
Presentar algo o a alguien introducir
0%
Aumentar en cantidad o hacer operaciones matemáticas multiplicar
0%
Asignar un nombre o cargo nombrar
0%
Mirar con atención observar
0%
Tomar espacio o dedicarse a algo ocupar
0%
Suceder o pasar algo ocurrir
0%
Tomar parte en una actividad participar
0%
Causar inquietud o ansiedad preocupar
0%
Poner algo listo para su uso preparar
0%
Sugerir algo como bueno o útil recomendar
0%
Identificar o aceptar algo reconocer
0%
Disminuir el tamaño, cantidad o intensidad reducir
0%
Mencionar o dirigir a otra fuente referir
0%
Controlar o establecer normas regular
0%
Contestar o reproducir algo replicar
0%
Actuar en nombre de algo o alguien representar
0%
Cumplir con expectativas satisfacer
0%
Sentir dolor o incomodidad sufrir
0%
Cambiar completamente transformar
0%
No matching quizzes found
Score Distribution
Percent of People with Each Score
Percentile by Number Answered
Your Score History
You have not taken this quiz